[Event "Puerto Iguazu Cataratas Cup"]
[Site "Puerto Iguazu"]
[Date "2022.08.14"]
[Round "4"]
[White "Maxit, Alfredo Javier"]
[Black "Fernandez Velazquez, Josias Andrez"]
[Result "1-0"]
[WhiteElo "1461"]
[BlackElo "1241"]
[PlyCount "81"]
[EventDate "2022.08.13"]
[EventType "swiss"]
[EventRounds "6"]
[EventCountry "ARG"]
[SourceTitle "CBM 209 Extra"]
[Source "ChessBase"]
[SourceDate "2022.09.30"]
[SourceVersion "1"]
[SourceVersionDate "2022.09.30"]
[SourceQuality "1"]

1. e4 c5 2. Nc3 Nc6 3. b3 Nf6 4. Bb2 e6 5. g4 h6 6. f3 a6 7. h4 d5 8. Qe2 d4 9. Nd1 Bd6 10. c3 Bg3+ 11. Nf2 Qb6 12. Rh3 Qc7 13. 0-0-0 Bf4 14. Nd3 dxc3 15. Bxc3 Nb4 16. Kb2 Nxd3+ 17. Qxd3 Be5 18. Ne2 Bd7 19. Qe3 Bxc3+ 20. Nxc3 b5 21. e5 Nd5 22. Nxd5 exd5 23. Rc1 c4 24. d4 a5 25. a3 Qb7 26. Rg3 cxb3 27. Qxb3 Ke7 28. f4 Rhc8 29. f5 Rxc1 30. Kxc1 Rc8+ 31. Kd2 b4 32. Bg2 Bc6 33. Qc2 bxa3 34. Rb3 Qd7 35. Ke3 Ba4 36. Qxc8 Bxb3 37. g5 hxg5 38. hxg5 a2 39. f6+ gxf6 40. gxf6+ Ke6 41. Bh3# 1-0